MARC details
| 000 -CABECERA |
| campo de control de longitud fija |
01060nam a2200289 a 4500 |
| 001 - NÚMERO DE CONTROL |
| campo de control |
000035203 |
| 005 - FECHA Y HORA DE LA ÚLTIMA TRANSACCIÓN |
| campo de control |
20240510073817.0 |
| 008 - DATOS DE LONGITUD FIJA--INFORMACIÓN GENERAL |
| campo de control de longitud fija |
111026s1972 sp 001 0 spa d |
| 040 ## - FUENTE DE LA CATALOGACIÓN |
| Centro catalogador/agencia de origen |
DO-SdBNP |
| Lengua de catalogación |
spa |
| Centro/agencia transcriptor |
BNPHU |
| 082 ## - NÚMERO DE LA CLASIFICACIÓN DECIMAL DEWEY |
| Número de clasificación |
501 |
| Número de documento/Ítem |
G397f, 1972 |
| 049 ## - FONDOS LOCALES (OCLC) |
| Fondos de biblioteca |
BNGR |
| 100 1# - ENTRADA PRINCIPAL--NOMBRE DE PERSONA |
| Nombre de persona |
Geymonat, Ludovico |
| 9 (RLIN) |
60941 |
| 240 10 - TÍTULO UNIFORME |
| Título uniforme |
Filosofia e filosofía della scienza |
| Lenguaje de la obra |
Español |
| 245 10 - MENCIÓN DE TÍTULO |
| Título |
Filosofía y filosofía de la ciencia / |
| Mención de responsabilidad, etc. |
Ludovico Geymonat ; traducción de Manuel Sacristán. |
| 250 ## - MENCIÓN DE EDICIÓN |
| Mención de edición |
4ª ed. |
| 260 ## - PUBLICACIÓN, DISTRIBUCIÓN, ETC. |
| Lugar de publicación, distribución, etc. |
Barcelona : |
| Nombre del editor, distribuidor, etc. |
Labor, |
| Fecha de publicación, distribución, etc. |
1972. |
| 300 ## - DESCRIPCIÓN FÍSICA |
| Extensión |
169 p. ; |
| Dimensiones |
20 cm. |
| 490 1# - MENCIÓN DE SERIE |
| Mención de serie |
Nueva colección labor |
| Designación de volumen o secuencia |
3 |
| 500 ## - NOTA GENERAL |
| Nota general |
Incluye índice de nombres |
| 504 ## - NOTA DE BIBLIOGRAFÍA, ETC. |
| Nota de bibliografía, etc. |
Incluye referencias bibliográficas y notas al pie de las páginas |
| 590 ## - NOTA LOCAL (RLIN) |
| Nota local |
Perteneció a la biblioteca personal de Juan Isidro Jimenes Grullón |
| 650 #4 - PUNTO DE ACCESO ADICIONAL DE MATERIA--TÉRMINO DE MATERIA |
| Término de materia o nombre geográfico como elemento de entrada |
Metodología |
| Subdivisión general |
Filosofía de la ciencia |
| 9 (RLIN) |
60942 |
| 650 #0 - PUNTO DE ACCESO ADICIONAL DE MATERIA--TÉRMINO DE MATERIA |
| Término de materia o nombre geográfico como elemento de entrada |
Filosofía |
| 9 (RLIN) |
813 |
| 700 12 - PUNTO DE ACCESO ADICIONAL--NOMBRE DE PERSONA |
| Nombre de persona |
Sacristán, Manuel, |
| Término indicativo de función/relación |
tr. |
| 9 (RLIN) |
60943 |
| 830 #0 - PUNTO DE ACCESO ADICIONAL DE SERIE-TÍTULO UNIFORME |
| Título uniforme |
Nueva colección labor |
| Número de parte o sección de la obra |
3 |
| 9 (RLIN) |
60944 |
| 910 ## - DATOS DE OPCIÓN DEL USUARIO (OCLC) |
| Datos de opción del usuario |
Validado. Control de calidad MFF |